000 00816nam a2200193 a 4500
001 000033278
005 20200930070139.0
008 110823s1943 dr 000 0 spa d
040 _aDO-SdBNP
_bspa
_cBNPHU
100 1 _aOts Capdequí, José María
_958887
245 1 0 _aManual de historia del derecho Español en las Indias y del Derecho propiamente indiano /
_cJosé María Ots Capdequí, ; Prólogo de Ricardo Levene.
260 _aBuenos Aires :
_bFacultad de Derecho y Ciencias Sociales
_bInstituto de Historia del Derecho Argentino,
_c1943.
300 _av. ;
_c23 cm.
490 1 _aEstudios para la Historia del Derecho Argentino
_v3
500 _aLa biblioteca posee v. 1
700 1 _aLevene, Ricardo
_vpról.
_958888
830 0 _aEstudios para la Historia del Derecho Argentino
_e3
_958889
049 _aBNPD
999 _c32769
_d32769